| 000 | 004300000a22001690004500 | ||
|---|---|---|---|
| 003 | MACL | ||
| 005 | 20151227133232.0 | ||
| 008 | 151227b xxu||||| |||| 00| 0 eng d | ||
| 040 |
_aMACL _cmacl |
||
| 041 | _aEnglish | ||
| 082 | _a010 | ||
| 100 |
_aUnesco _923212 |
||
| 245 |
_aInternational bibilography of Political Science _bVolume 1 |
||
| 260 |
_bUnesco _c1954 _aParis |
||
| 650 |
_aBibliography _915346 |
||
| 942 |
_cBK _k010 _2ddc |
||
| 999 |
_c35508 _d35508 |
||